=LDR 00000nam 2200000 4500 =001 INLIS000000000029671 =005 20130612131903 =008 ***********************************Ind** =035 ##$$0010-061300000029671 =041 ##$$a Ind =082 ##$$a 613.043 =090 ##$$a 613.043, Mar k =100 ##$$a Margatan, Arcola =245 ##$$a Kiat hidup sehat bagi lanjut usia, Arcola Margatan =260 ##$$a 1996 $b Solo =300 ##$$a 156 hlm, ilus, 20 cm =650 ##$$a Hidup Sehat =850 ##$$a NBPNMAT =990 ##$$a 0001/BPAP-NTB/2016